Quizzes
Events
Quiz Creation
Community
Videos
Private Events
Remove Ads
Sign In
Join for FREE
Feedback
Dark Mode
Quiz Categories
Sports
Geography
Music
Movies
Television
Just For Fun
Miscellaneous
History
Literature
Language
Science
Gaming
Entertainment
Religion
Holiday
For Kids
Quiz Lab
Recent
Popular Today
Quiz Kudos Today
Editor Picks
Curator Picks
Quizzes by...
Day
Popularity
Type
Ratings
Length
Year
Community
Subscriptions
Recent Discussions
Orange Saloon
Badges
Playlists
Quests
Create
Leaderboards
Showdown
Live 5
Trivia Bingo
Activity
Puzzle Library
Sporcle Events
Private Events
Virtual Trivia
Globe League
Become a Host
Pub Owners
SporcleCon
Opinionation
Our Games
Videos
Blog
Mobile Apps
Partnerships
Remove Ads and Go Orange
Feedback
Entertainment
Celebrity
Famous
Musical
Broadway
Show
Quote
Comic Books
Anime
Superhero
DC Comics
Marvel
Cartoons
Animation
Entertainment
Celebrity
Famous
Musical
Broadway
Show
Quote
Comic Books
Anime
Superhero
DC Comics
Marvel
Cartoons
Animation
Random Quiz
Search Sporcle
×
Quiz Lab
Quiz Lab
Entertainment
Movie Titles
Type in answers that appear in a list
Type in answers that appear in a list
Classic
Best Score? Go Orange.
Top 100 Horror Films Stats
Can you name the Top 100 Horror Films?
By
Tha_Phantom
15m
100 Questions
1,341 Plays
1,341 Plays
1,341 Plays
Comments
Comments
Give Quiz Kudos
Give Quiz Kudos
-
- Ratings
hide this ad
Replay
Link that replays current quiz
Next Quiz
Link to next quiz in quiz playlist
You Got
0%
They Got
Avg Score
43%
Avg Friend Score
Upgrade to see
Score Distribution
Jump to the score distribution portion of the page
Score
0/100
Timer
15:00
0
Plays Today
Year
Film
% Correct
1978
Halloween
85.4%
2007
Halloween
85.4%
1980
The Shining
80.5%
2010
A Nightmare on Elm Street
79.7%
1984
A Nightmare on Elm Street
79.7%
1975
Jaws
78.2%
1973
The Exorcist
77.5%
2009
Friday the 13th
77.5%
1980
Friday the 13th
77.5%
1960
Psycho
75.1%
2004
Saw
74.5%
1996
Scream
73.3%
2003
The Texas Chainsaw Massacre
71.5%
1974
The Texas Chain Saw Massacre
71.4%
1968
Night of the Living Dead
69%
2002
The Ring
68.2%
1979
Alien
68.2%
1931
Dracula
67%
1999
The Sixth Sense
66.8%
1931
Frankenstein
66.4%
1981
The Evil Dead
64.9%
1976
Carrie
64%
1982
The Thing
62.7%
1999
The Blair Witch Project
58.1%
1922
Nosferatu
58.1%
2004
The Grudge
57.7%
1968
Rosemary's Baby
57.5%
1987
Hellraiser
57.2%
1982
Poltergeist
55.9%
2006
The Hills Have Eyes
55.6%
1977
The Hills Have Eyes
55.6%
1976
The Omen
55.4%
1991
The Silence of the Lambs
55.4%
2005
Hostel
55%
Year
Film
% Correct
2011
Insidious
53.8%
2004
The Village
53%
2010
Devil
50.6%
1972
The Last House on the Left
50.5%
2009
The Last House on the Left
50.5%
1986
The Fly
50%
2007
Paranormal Activity
49.7%
2002
Signs
49.2%
2002
28 Days Later
47.9%
1941
The Wolf Man
46.7%
2010
The Wolfman
46.7%
1995
Seven
46.3%
2003
House of 1000 Corpses
45.9%
1963
The Haunting
45.6%
1977
Suspiria
45.3%
1981
An American Werewolf in London
44.9%
2005
The Devil's Rejects
41.9%
2007
The Mist
41.8%
2005
The Descent
40.6%
1990
Misery
40.4%
1999
Audition
40.2%
2002
Cabin Fever
39.8%
1979
Zombie
39%
1932
The Mummy
38.1%
1959
House on Haunted Hill
36.3%
2001
The Others
35.7%
2009
Drag Me to Hell
33.8%
1982
Creepshow
33.6%
2005
The Amityville Horror
33.6%
1979
The Amityville Horror
33.6%
1989
Pet Sematary
32.8%
2008
The Happening
32.8%
1968
2001: A Space Odyssey
32.3%
1925
The Phantom of the Opera
32%
Year
Film
% Correct
2007
No Country for Old Men
31.8%
1996
From Dusk Till Dawn
31.7%
2010
Shutter Island
29.6%
1991
Cape Fear
29.2%
1990
Jacob's Ladder
28.5%
2011
Black Swan
26.8%
2006
Wolf Creek
26.1%
2005
The Exorcism of Emily Rose
25.3%
1954
Them!
25%
1983
The Dead Zone
24.2%
2008
Cloverfield
24.1%
2007
Dead Silence
22%
2007
Trick 'r Treat
20.4%
2003
Oldboy
18.5%
2008
The Strangers
18.1%
2010
Paranormal Activity 3
17.5%
2006
Slither
17.3%
2009
The Crazies
17.2%
2007
I Am Legend
17%
2007
The Haunting in Connecticut
15.7%
2003
A Tale of Two Sisters
15.6%
1963
Black Sabbath
15%
2006
The Texas Chainsaw Massacre: The Beginning
14.8%
2007
Vacancy
13.6%
1977
The Sentinel
13.3%
2008
Quarentine
12.2%
2009
The Collector
12.1%
2009
The Unborn
10.3%
2010
The Last Exorcism
10%
2008
The Ruins
9.8%
2009
The Fourth Kind
7.6%
2007
The Reaping
5.3%
Quiz Playlist
Details
Report
Send in Message
Add To Playlist
Classic:
Type in answers that appear in a list
Last Updated: Dec 10, 2018
Quiz Scoreboard
CHALLENGE
Sign Up to Join the Scoreboard
Show All
Scores
Hide
Comments
May contain spoilers
Recently Published
TV Characters by Other Roles V
by ghcgh
Television
5m
Decade Duel: World Leaders
by jenniferyan
History
4m
Alphabetical 'K' Countries by Flag Minefield
by ylime102
Geography
3m
More to Explore
Quiz From the Vault
Featured Blog Post
15 Basketball Trivia Facts You Can Be March Mad About
hide this ad
You Might Also Like...
Tags
Best Picture Quiz
Horror Movies Quiz
Movie Titles Quiz
horror
Scary
Scary Movie
Top 100
Today's Top Quizzes in Entertainment
Browse Entertainment
hide this ad
Today's Top Quizzes in Movie Titles
Browse Movie Titles
Top Contributed Quizzes in Entertainment
1
B Names for Actresses
2
C Names for Actors
3
C Names for Actresses
4
Decade Duel: Actor
5
D Names for Actors
6
Decade Duel: Actress
7
D Names for Actresses
8
E Names for Actors
9
B Names for Actors
10
E Names for Actresses
Explore More
Trending Topics
Disney
Kpop
Crossword
NBA
Harry Potter
Anime
Marvel
WWE
Puzzle
Soccer
Song
The Office
NFL
Country
Pokémon
hide this ad
More By:
Tha_Phantom
Quiz
Plays
Rating
Category
Featured
Created
Top 100 Horror Films
1,341
1.27
Entertainment
Feb 12, 2012
Go to Creator's Profile
Score Distribution
Quiz Creator Spotlight
Tha_Phantom
Follow
Send a Message
Quizzes Created
-
Created Quiz Play Count
-
More By This Creator
Popular Quizzes Today
1
Countries of Asia Without Outlines Minefield
2
Find the US States - No Outlines Minefield
3
Pick 6: Fruits
4
The Countries of the World
5
Find the Countries of Europe - No Outlines Minefield
6
Alphabetical 'K' Countries by Flag Minefield
7
Find the US States
8
US States
More Entertainment Quizzes
Q Names for Actors
Quiz Lab
Trending Quizzes
Pick 6: Mountains
Pick 6: Harry Potter
Pick 6: NFL Teams
Pick 6: Flags
C Names for Actors
Recently Updated
Adaptations: Name the Title
pecheneg
NWSL Teams
pecheneg
Women's Final Four Teams by Year
bhenderson79
Presidents Quartet II
eogle
Anything But Clue(do)
eogle
Anything But Oceanian Capitals
eogle
Anything But 7
eogle
Anything But Thing
eogle
Word Ladder: February 29
pecheneg
Song Title Questions
pecheneg
Trending Topics
NBA
Harry Potter
Disney
Crossword
Marvel
Anime
Kpop
The Office
Song
WWE
Soccer
Pokémon
NFL
Puzzle
Country
Your Account Isn't Verified!
In order to create a playlist on Sporcle, you need to verify the email address you used during registration. Go to your
Sporcle Settings
to finish the process.
Report this User
Report this user for behavior that violates our
Community Guidelines
.
Details:
Send Report
Go to the Sporcle.com Mobile Site →
Comments